000
00160nam a2200061Ia 4500
999
_c
10422
_d
10422
003
OSt
005
20221125104516.0
008
170523s9999 xx 000 0 und d
040
_c
IIMT
100
_a
RAMAN M
245
0
_a
TECHNICAL COMMUNICATION
260
_a
NEW DELHI
_b
OXFORD
_c
2011
300
_a
665
942
_2
ddc
_c
02